| 000 | 00646nam a22001817a 4500 | ||
|---|---|---|---|
| 003 | BD-DhUL | ||
| 005 | 20200310151938.0 | ||
| 008 | 840206s1997 nyu 000 0 eng d | ||
| 040 |
_aBD-DhUL _cBD-DhUL |
||
| 082 |
_a341.13 _bUNM |
||
| 110 | 2 | _aUnited Nations | |
| 245 | 1 | 0 |
_aMedium-term plan for the period 1998-2001 : _bas revised by the General Assembly at its fifty-first session / _cUnited Nations. |
| 260 |
_aNew York : _bUnited Nations, _c1997. |
||
| 300 |
_axii , 204 p. ; _c29 cm. |
||
| 505 | _aGeneral Assembly Official Records, fifty-first session supplement no. 6 (A/51/6/Rev.1). | ||
| 650 | 4 | _aUnited Nations. | |
| 942 |
_2ddc _cBK |
||
| 999 |
_c252019 _d252019 |
||